The complete homebuyer's kit : choosing an agent financing your purchase comparing properties negotiating the contract

Bibliographic Details
Main Author: Lank, Edith (Author)
Format: Book
Language:English
Published: Chicago : Dearborn Finance Publishing 1989
Subjects:

MARC

LEADER 00000cam a2200000 7i4500
001 0000002955
005 20240926.0
008 240606 ilu a eng
020 |a 0884628256 (paperback) 
040 |a INS   |b eng   |e rda 
090 0 0 |a RHD1379   |b .L329 1989 
100 1 |a Lank, Edith ,   |e author 
245 1 4 |a The complete homebuyer's kit :   |b choosing an agent financing your purchase comparing properties negotiating the contract   |c Edith Lank 
264 1 |a Chicago :   |b Dearborn Finance Publishing   |c 1989 
264 4 |c ©1989 
300 |a vii, 168 pages :   |b illustrations ;   |c 28 cm. 
336 |a text  |2 rdacontent 
337 |a unmediated  |2 rdamedia 
338 |a volume  |2 rdacarrier 
500 |a Includes index 
650 0 |a House buying 
999 |a 0000004158   |b BOOK   |c Reference   |e Default branch